000 00288nam a22001217a 4500
008 180911b xxu||||| |||| 00| 0 eng d
041 _aeng
080 _a574
100 _a9
101 _aMJE
245 _aA Clear View Guide to Industrial Pollution Control
_cCannon, J
942 _2udc
_cBK
999 _c47672
_d47672